Country Of Which You Are A Citizen - Statistics

General Stats
  • This quiz has been taken 57 times
  • The average score is 2 of 196
Answer Stats
Answer % Correct
United Kingdom
42%
United States
42%
Australia
17%
Canada
11%
France
9%
Italy
8%
Germany
6%
India
6%
Ireland
6%
Finland
4%
Israel
4%
Poland
4%
Russia
4%
Spain
4%
Switzerland
4%
Albania
2%
Azerbaijan
2%
Belgium
2%
Brunei
2%
Georgia
2%
Greece
2%
Hungary
2%
Jamaica
2%
Japan
2%
Jordan
2%
New Zealand
2%
Norway
2%
Pakistan
2%
Turkey
2%
Ukraine
2%
United Arab Emirates
2%
Zambia
2%
Zimbabwe
2%
Afghanistan
0%
Algeria
0%
Andorra
0%
Angola
0%
Antigua and Barbuda
0%
Argentina
0%
Armenia
0%
Austria
0%
Bahamas
0%
Bahrain
0%
Bangladesh
0%
Barbados
0%
Belarus
0%
Belize
0%
Benin
0%
Bhutan
0%
Bolivia
0%
Bosnia and Herzegovina
0%
Botswana
0%
Brazil
0%
Bulgaria
0%
Burkina Faso
0%
Burundi
0%
Cambodia
0%
Cameroon
0%
Cape Verde
0%
Central African Republic
0%
Chad
0%
Chile
0%
China
0%
Colombia
0%
Comoros
0%
Costa Rica
0%
Croatia
0%
Cuba
0%
Cyprus
0%
Czech Republic
0%
Democratic Republic of the Congo
0%
Denmark
0%
Djibouti
0%
Dominica
0%
Dominican Republic
0%
East Timor
0%
Ecuador
0%
Egypt
0%
El Salvador
0%
Equatorial Guinea
0%
Eritrea
0%
Estonia
0%
Ethiopia
0%
Federated States of Micronesia
0%
Fiji
0%
Gabon
0%
Gambia
0%
Ghana
0%
Grenada
0%
Guatemala
0%
Guinea
0%
Guinea-Bissau
0%
Guyana
0%
Haiti
0%
Honduras
0%
Iceland
0%
Indonesia
0%
Iran
0%
Iraq
0%
Ivory Coast
0%
Kazakhstan
0%
Kenya
0%
Kiribati
0%
Kosovo
0%
Kuwait
0%
Kyrgyzstan
0%
Laos
0%
Latvia
0%
Lebanon
0%
Lesotho
0%
Liberia
0%
Libya
0%
Liechtenstein
0%
Lithuania
0%
Luxembourg
0%
Macedonia
0%
Madagascar
0%
Malawi
0%
Malaysia
0%
Maldives
0%
Mali
0%
Malta
0%
Marshall Islands
0%
Mauritania
0%
Mauritius
0%
Mexico
0%
Moldova
0%
Monaco
0%
Mongolia
0%
Montenegro
0%
Morocco
0%
Mozambique
0%
Myanmar
0%
Namibia
0%
Nauru
0%
Nepal
0%
Netherlands
0%
Nicaragua
0%
Niger
0%
Nigeria
0%
North Korea
0%
Oman
0%
Palau
0%
Panama
0%
Papua New Guinea
0%
Paraguay
0%
Peru
0%
Philippines
0%
Portugal
0%
Qatar
0%
Republic of the Congo
0%
Romania
0%
Rwanda
0%
Saint Kitts and Nevis
0%
Saint Lucia
0%
Saint Vincent and the Grenadines
0%
Samoa
0%
San Marino
0%
São Tomé and Príncipe
0%
Saudi Arabia
0%
Senegal
0%
Serbia
0%
Seychelles
0%
Sierra Leone
0%
Singapore
0%
Slovakia
0%
Slovenia
0%
Solomon Islands
0%
Somalia
0%
South Africa
0%
South Korea
0%
South Sudan
0%
Sri Lanka
0%
Sudan
0%
Suriname
0%
Swaziland
0%
Sweden
0%
Syria
0%
Taiwan
0%
Tajikistan
0%
Tanzania
0%
Thailand
0%
Togo
0%
Tonga
0%
Trinidad and Tobago
0%
Tunisia
0%
Turkmenistan
0%
Tuvalu
0%
Uganda
0%
Uruguay
0%
Uzbekistan
0%
Vanuatu
0%
Vatican City
0%
Venezuela
0%
Vietnam
0%
Yemen
0%
No matching quizzes found
Score Distribution
Percent of People with Each Score
Percentile by Number Answered
Your Score History
You have not taken this quiz